000 00629nam a2200193 i 4500
001 56732
003 ES-MaACL
005 20251007173108.0
007 t|
008 031013s1967 sp ||||1| spa d
100 1 _aDiego, Gerardo,
_d1896-1987
_944545
245 1 0 _aPreludio, aria y coda a Gabriel Faure /
_cGerardo Diego.
260 _a[S.l. :
_bs.n.,
_c1967] (
_eSantander :
_fGráf. González Badia)
300 _a88 p., 5 lám. :
_bil. ;
_c26 cm.
600 1 7 _aFauré, Gabriel,
_d1845-1924
_2
_9137931
852 _aES-MaACL
_jC-33914
_bR.63759
852 _aES-MaACL
_jC-33913
_bR.63113
999 _c56732
_d56732